| 000 | 00591nam a2200181Ia 4500 | ||
|---|---|---|---|
| 008 | 100921s9999 xx 000 0 und d | ||
| 082 |
_b35663 _a891.433 0 |
||
| 100 | _aप्रीतम अमृता. | ||
| 245 | _aनागमणी. | ||
| 260 |
_bहिंद पॉकेट बुक्स,दिल्ली. _c0 |
||
| 300 |
_a116 _b--- |
||
| 365 | _b1 | ||
| 520 | _aललित -हिंदी-कथा,कादं. | ||
| 630 | _aनागमणी. | ||
| 650 | _aललित -हिंदी-कथा,कादं. | ||
| 730 | _aनागमणी. | ||
| 942 | _cBOOK | ||
| 999 |
_c784776 _d784773 |
||